| 000 | 00376nam a2200157Ia 4500 | ||
|---|---|---|---|
| 008 | 210210b1947 xxu||||| |||| 00| 0 eng d | ||
| 041 | _aeng | ||
| 082 | _a828/108 | ||
| 100 | _aBUCHAN (A) | ||
| 245 | _aUnforgettabe unforgotten | ||
| 260 |
_aLondon _bHodder & Stoughton _c1947 |
||
| 650 | _aunforgotten | ||
| 650 | _aUnforgettabe | ||
| 690 | _aBiography | ||
| 906 | _a015953 | ||
| 999 |
_c135342 _d135342 |
||